[Event "Aegean op 33rd"]
[Site "Aghios Kirykos"]
[Date "2010.07.20"]
[Round "8"]
[White "Panagiotopoulos, Leonidas"]
[Black "Finokaliotis, Georgios"]
[Result "0-1"]
[WhiteElo "1807"]
[BlackElo "1927"]
[PlyCount "52"]
[EventDate "2010.07.13"]
[EventType "swiss"]
[EventRounds "9"]
[EventCountry "GRE"]
[SourceTitle "CBM 137 Extra"]
[Source "ChessBase"]
[SourceDate "2010.09.01"]
[SourceVersion "1"]
[SourceVersionDate "2010.09.01"]
[SourceQuality "1"]

1. e4 e6 2. d4 d5 3. Nc3 dxe4 4. Nxe4 Nd7 5. Nf3 Ngf6 6. Bg5 Be7 7. Nxf6+ Bxf6 8. Bxf6 Nxf6 9. Bd3 0-0 10. Qd2 b6 11. 0-0-0 Bb7 12. Kb1 c5 13. dxc5 bxc5 14. Qg5 Qb6 15. h4 c4 16. Bxc4 Ne4 17. Qe5 Nxf2 18. Rd6 Qc7 19. Rf1 Ng4 20. Qd4 Ne3 21. Rd7 Qc8 22. Bxe6 Qxc2+ 23. Ka1 Nxf1 24. a3 Bxf3 25. gxf3 Nd2 26. Rxf7 Qb1# 0-1

[Event "Aegean op 33rd"]
[Site "Aghios Kirykos"]
[Date "2010.07.18"]
[Round "6"]
[White "Panagiotopoulos, Leonidas"]
[Black "Stefanidi, Maria Anna"]
[Result "0-1"]
[WhiteElo "1807"]
[BlackElo "2092"]
[PlyCount "78"]
[EventDate "2010.07.13"]
[EventType "swiss"]
[EventRounds "9"]
[EventCountry "GRE"]
[SourceTitle "CBM 137 Extra"]
[Source "ChessBase"]
[SourceDate "2010.09.01"]
[SourceVersion "1"]
[SourceVersionDate "2010.09.01"]
[SourceQuality "1"]

1. e4 c5 2. Bc4 e6 3. Nf3 a6 4. d3 Nc6 5. a3 b5 6. Ba2 Be7 7. 0-0 Qc7 8. Re1 d6 9. c3 Nf6 10. Nbd2 Bb7 11. Nf1 h6 12. Ng3 g5 13. d4 g4 14. e5 Nd7 15. exd6 Bxd6 16. d5 gxf3 17. dxc6 Bxc6 18. Bxe6 0-0-0 19. Bg4 fxg2 20. Bf3 h5 21. Bxc6 Qxc6 22. Nf5 Ne5 23. Rxe5 Bxe5 24. Ne7+ Kb7 25. Qxd8 Rxd8 26. Nxc6 Rd1+ 27. Kxg2 Kxc6 28. Kf3 Bxh2 29. b4 Rd3+ 30. Kg2 Be5 31. Be3 Bxc3 32. Rh1 cxb4 33. axb4 Bxb4 34. Rxh5 a5 35. Rf5 Rd7 36. Rf6+ Bd6 37. Bf4 b4 38. Bxd6 Rxd6 39. Rxf7 b3 0-1

[Event "Patron CC-ch"]
[Site "Greece"]
[Date "2008.01.04"]
[Round "4"]
[White "Panagiotopoulos, Leonidas"]
[Black "Karagiannis, Georgios1111"]
[Result "1-0"]
[WhiteElo "1000"]
[BlackElo "1005"]
[PlyCount "75"]
[EventDate "2008.01.02"]
[EventType "swiss"]
[EventRounds "7"]
[EventCountry "GRE"]
[SourceTitle "EXT 2010"]
[Source "ChessBase"]
[SourceDate "2010.11.25"]
[SourceVersion "1"]
[SourceVersionDate "2010.11.25"]
[SourceQuality "1"]

1. e4 e5 2. Nf3 f5 3. exf5 d6 4. Nc3 Bxf5 5. Bc4 Nf6 6. d3 c6 7. 0-0 d5 8. Bb3 Bd6 9. Re1 0-0 10. Nxe5 Nbd7 11. Nf3 Bg4 12. Bg5 h6 13. Bxf6 Rxf6 14. Ne4 Re6 15. Nxd6 Rxd6 16. c4 Nb6 17. c5 Bxf3 18. Qxf3 Rf6 19. Qh5 Nd7 20. d4 Qc7 21. Re2 Qf4 22. Rd1 Raf8 23. g3 g6 24. Qh3 Qf3 25. Rde1 h5 26. Qxd7 R8f7 27. Qe8+ Kh7 28. Qe3 Qf5 29. Kg2 g5 30. Bc2 Kg6 31. Bxf5+ Rxf5 32. Qe8 Kg7 33. Rf1 Rf8 34. Re7+ R5f7 35. Rxf7+ Rxf7 36. Re1 g4 37. Re7 Rxe7 38. Qxe7+ 1-0

[Event "Patron CC-ch"]
[Site "Greece"]
[Date "2008.01.02"]
[Round "2"]
[White "Panagiotopoulos, Leonidas"]
[Black "Anastasiou, Efthymios"]
[Result "0-1"]
[WhiteElo "1000"]
[BlackElo "1010"]
[PlyCount "120"]
[EventDate "2008.01.02"]
[EventType "swiss"]
[EventRounds "7"]
[EventCountry "GRE"]
[SourceTitle "EXT 2010"]
[Source "ChessBase"]
[SourceDate "2010.11.25"]
[SourceVersion "1"]
[SourceVersionDate "2010.11.25"]
[SourceQuality "1"]

1. e4 c5 2. Nf3 d6 3. d4 cxd4 4. Nxd4 Nf6 5. Nc3 g6 6. Bb5+ Bd7 7. Bxd7+ Nbxd7 8. 0-0 Bg7 9. Bg5 0-0 10. Re1 Qb6 11. Nb3 Rac8 12. e5 Nxe5 13. Be3 Qc6 14. Bf4 Rfd8 15. Bxe5 dxe5 16. Qe2 Nh5 17. g3 Rd7 18. Rad1 Rcd8 19. Rxd7 Rxd7 20. Rd1 Rxd1+ 21. Qxd1 Nf6 22. Qe2 h5 23. Qxe5 Ng4 24. Qxe7 Qb6 25. Qe1 Ne5 26. Qe2 a5 27. a4 Qb4 28. f4 Ng4 29. h3 Bxc3 30. bxc3 Qxc3 31. hxg4 Qxg3+ 32. Qg2 Qe1+ 33. Kh2 Qh4+ 34. Qh3 Qf2+ 35. Kh1 Qe1+ 36. Kg2 Qe2+ 37. Kg3 Qe3+ 38. Kh4 Qxf4 39. Qg3 g5+ 40. Kh3 Qf1+ 41. Qg2 hxg4+ 42. Kh2 Qf4+ 43. Kh1 f5 44. Qd5+ Kg7 45. Qxb7+ Kg6 46. Qb6+ Kh5 47. Qb7 Kh4 48. Qh7+ Kg3 49. Qh2+ Kf3 50. Qg2+ Ke3 51. Qd2+ Ke4 52. Qd4+ Kf3 53. Nd2+ Ke2 54. Qd3+ Ke1 55. c4 g3 56. Nf3+ Kf2 57. Qd4+ Qxd4 58. Nxd4 g2+ 59. Kh2 g1Q+ 60. Kh3 Qg3# 0-1